| 000 | 00430nam a2200181Ia 4500 | ||
|---|---|---|---|
| 001 | 4320 | ||
| 005 | 20260306145747.0 | ||
| 008 | 260306t2004||||xx |||||||||||||| ||spa|| | ||
| 041 | _aESP | ||
| 082 |
_a320.9 _bG68 |
||
| 100 |
_aGonzales Ojeda, Magdiel _eAUT |
||
| 245 | 0 | _aHistoria de las ideas políticas | |
| 260 | _c2004 | ||
| 300 |
_a331 páginas : _c21 cm. |
||
| 650 | _aGEN | ||
| 654 | _aCDE | ||
| 942 |
_cLIB _dJUS _fJUS _2ddc _n |
||
| 999 |
_c4320 _d4320 |
||